000 00530nam a2200181Ia 4500
003 GCL
008 140319s9999 xx 000 0 ara d
040 _aGCL /
_cGCL
082 0 4 _a811.1
_bع ش
100 1 _aعلى الخطيب
245 1 0 _aالشعر الجاهلى بين الرواية والتدوين /
_cعلى الخطيب
300 _a295 ص
490 _a
650 0 4 _aالادب العربى
650 0 4 _aالعصر الجاهلى
650 0 4 _aالشعر العربى - تاريخ ونقد
942 _2ddc
_cBK
999 _c39521
_d39521